000 00512nam a22001697a 4500
003 SISC
005 20160204131428.0
008 130904t xxu||||| |||| 00| 0 eng d
050 _aRC 435
_b.R724 1961
082 _aHS 616.8194
_bR53 1961
100 _aRogers, Carl R.
_916546
245 _aOn becoming a person :
_c Carl R. Rogers.
_ba therapist's view of psychotherapy
260 _aUSA :
_bHoughton mifflin Company,
_cc1961.
300 _a420 p. :
_bill. ;
_c21 cm.
942 _2lcc
_cBK
999 _c10363
_d10363